Journal of drug assessment

Detalles Bibliográficos
Formato: Electrónico Revista
Lenguaje:inglés
Publicado: London, U.K. : Informa Healthcare, 2012-
Abingdon : Taylor & Francis
Materias:
Acceso en línea:Full text available from Research Library: 12/01/2017 to present

MARC

LEADER 00000nas a2200000 a 4500
001 ssj0000941107
003 WaSeSS
005 20200512172242.0
006 m d
007 cr n
008 100607c20129999enk x p s 0 a0eng
010 |a  2010203137 
015 |a GBB348000  |2 bnb 
016 7 |a 101672979  |2 DNLM 
016 7 |a 016324417  |2 Uk 
022 |a 2155-6660  |l 2155-6660 
035 |a (WaSeSS)ssj0000941107 
037 |b Informa UK Ltd., Mortimer House, 37-41 Mortimer St., London, U.K., W1T 3JH 
040 |a DLC  |b eng  |e pn  |c DLC  |d DLC  |d OCLCQ  |d DKU  |d OCLCO  |d OCLCF  |d OCLCO  |d NLM  |d OCLCO  |d OCLCQ  |d OCLCO  |d PFM  |d OCLCQ  |d CUS  |d OCLCO  |d CASUM  |d OCLCA  |d NLE  |d DLC  |d OCLCA  |d UKMGB  |d VT2  |d WaSeSS 
042 |a pcc  |a nsdp 
050 0 0 |a RM300 
060 0 0 |a W1 
082 1 0 |a 615  |2 15 
210 0 |a J. drug assess.  |b (Lond., U.K.) 
222 0 |a Journal of drug assessment  |b (London, U.K.) 
245 0 0 |a Journal of drug assessment  |h [electronic resource]. 
246 3 |a JDA 
260 |3 2012- :  |a London, U.K. :  |b Informa Healthcare,  |c 2012- 
260 3 |3 <2015-> :  |a Abingdon :  |b Taylor & Francis 
310 |a Annual 
321 |a Irregular 
362 1 |a Began with: Vol. 1, issue 1 (2012). 
506 |a License restrictions may limit access. 
588 |a Description based on: Vol. 1, issue 1 (2012); title from banner (Informa Healthcare website, viewed on Oct. 24, 2012). 
588 |a Latest issue consulted: Vol. 7, issue 1 (2018) ) (Taylor & Francis Online, viewed July 6, 2018). 
650 0 |a Drugs  |v Periodicals. 
650 0 |a Therapeutics  |v Periodicals. 
650 0 |a Pharmaceutical industry  |v Periodicals. 
650 1 2 |a Pharmaceutical Preparations. 
650 2 2 |a Drug Evaluation. 
650 7 |a Drugs.  |2 fast  |0 (OCoLC)fst00898761 
650 7 |a Pharmaceutical industry.  |2 fast  |0 (OCoLC)fst01060129 
650 7 |a Therapeutics.  |2 fast  |0 (OCoLC)fst01149694 
655 0 |a Electronic journals. 
850 |a DLC 
856 4 0 |z Full text available from Research Library: 12/01/2017 to present  |u https://search.proquest.com/publication/3934959